| 000 | 00942cam a2200313Ia 4500 | ||
|---|---|---|---|
| 999 |
_c4740 _d4740 |
||
| 001 | 453287 | ||
| 003 | GBCCL | ||
| 005 | 20241126110525.0 | ||
| 008 | 850314s1984 scu 000 0 eng d | ||
| 035 | _a(OCoLC)ocm11803077 | ||
| 035 | _a(OCoLC)11803077 | ||
| 040 |
_aSBI _beng _cSBI _dPBE _dOCLCQ _dOCLCF _dOCLCQ _dOCLCO _dLBB |
||
| 049 | _aLBBA | ||
| 050 | 4 |
_aBV10.2 _b.C28 1984 |
|
| 082 | 0 | 4 |
_a248.3 _bCAR |
| 090 |
_aBV10.2 _b.C28 1984 |
||
| 100 | 1 |
_aCarroll, Joseph S. _98658 |
|
| 245 | 1 | 0 |
_aHow to worship Jesus Christ / _cJoseph S. Carroll. |
| 260 |
_a[Greenville, SC] : _bGreat Commission, _c1984. |
||
| 300 |
_ax, 99 pages ; _c22 cm |
||
| 336 |
_atext _btxt _2rdacontent |
||
| 337 |
_aunmediated _bn _2rdamedia |
||
| 338 |
_avolume _bnc _2rdacarrier |
||
| 650 | 0 |
_aWorship. _9444 |
|
| 650 | 0 |
_aPrayer. _9332 |
|
| 650 | 7 |
_aPrayer. _2fast _0(OCoLC)fst01074680 _9332 |
|
| 650 | 7 |
_aWorship. _2fast _0(OCoLC)fst01181450 _9444 |
|
| 942 |
_2ddc _cBK _07 |
||